| 000 | 01982 a2200277 4500 | ||
|---|---|---|---|
| 001 | 33824 | ||
| 005 | 20260407155629.0 | ||
| 008 | 260407a1995 arg spa d | ||
| 003 | AR-UNSa-BCEJYS | ||
| 040 |
_aAR-UNSa-BCEJYS _bspa _cAR-UNSa-BCEJYS |
||
| 080 |
_a658.56 _xControl de la calidad. Control de herramientas y material |
||
| 245 | 1 | 0 | _aAnálisis y planeación de la calidad |
| 020 | _a970-10-0612-7 | ||
| 250 | _a3a. ed | ||
| 264 | 1 | _c1995 | |
| 300 |
_axxi, 633 p. _c23 cm. |
||
| 505 | _a1. Conceptos básicos - 2. Apreciación de la calidad en toda la compañia - 3. Mejoramiento de la calidad y reducción de costos - 4. Planeación de la calidad e ingresos por ventas - 5. Control de calidad - 6. Administración estratégica de la calidad - 7. Organización para la calidad - 8. Desarrollo de una cultura de calidad - 9. Conceptos básicos de probabilidad - 10. Herramientas estdísticas para el análisis de datos - 11. Comprensión de las necesidades del cliente - 12. Diseño para la calidad - 13. Herramientas estadísticas de la calidad en el diseño - 14. Relaciones con el proveedor - 15. Herramientas estadísticas para la relaciones con el proveedor - 16. Manufactura - 17. Control estadítico de procesos - 18. Inspección, prubas y medición - 19. Planes de muestreo para inspección y pruebas - 20.Comercialización, desempeño en el campo y servicio al cliente - 21. Comercialización, desempeño de campo, servicio al cliente y sus herramientas estdísticas - 22. Operaciones administrativas y de apoyo - 23. Sistemas de información de la calidad - 24. Aseguramiento de la calidad - Apéndice | ||
| 942 | _cBK | ||
| 590 | _aniveau_biblio:m niveau_hierar:0 | ||
| 100 | 1 | _aJuran, J.M. | |
| 700 | 1 | _aGryna, Frank M. | |
| 700 | 1 | _aGonzález Osuna, Marcia | |
| 700 | 1 | _aCantú Delgado, José Humberto | |
| 700 | 1 | _aGonzález González, Carlos | |
| 856 | 4 | 1 |
_uhttps://biblioeco.unsa.edu.ar/pmb/images/libros/L65193.jpg _yImagen de portada _qimage/jpeg |
| 999 |
_c2396 _d2396 |
||